Quiz Radiohead (Extrême) - Statistiques

Statistiques générales
  • Ce quiz a été pris 6 fois
  • Le résultat moyen est 6 sur 10
Statistiques - réponses
Hint Réponse % Correct
Année de formation du groupe 1985
100%
Année de changement du nom de groupe : devient Radiohead 1991
100%
Nom du groupe formé par les membres du groupe (sauf Jonny Greenwood) en 1986 On A Friday
60%
Single réalisé à la base pour figurer dans un célèbre film de l'agent 007 (du même nom que le film) Spectre
60%
Nom du graphiste à l'origine des pochettes d'album du groupe (mis à part Pablo Honey) Stanley Donwood
60%
Ce nom est une référence à un morceau de l'album True Stories : quel en est le groupe à l'origine ? Talking Heads
60%
Autre groupe de rock de Thom Yorke Atoms For Peace
40%
Nom du premmier EP de Radiohead, sorti en 1992 Drill
40%
Film de Cédric Klapisch, au cours duquel on peut entendre de manière réccurente la chanson "No Surprises" L'auberge espagnole
40%
Film pour lequel a été écrite la chanson "Exit Music For A Film" Roméo + Juliette
40%
Aucun quiz correspondant
Distribution des résultats
% des personnes avec chaque résultat
Percentile par nombre de réponses
Votre historique - résultats
Vous n’avez pas pris ce quiz